000 00802nam a2200277Ia 4500
001 Para_8617
003 CHAP
008 220125s1925 xx 000 0 und d
010 _a207428
040 _cCHAP
082 _aPA-C 595.752 A6
100 _aTakahashi, Ryoichi
_9111377
245 _aSome aphididae of sumatra (Hemiptera) /
_c by Ryoichi Takahashi
260 _aFormosa :
_b Department of Agriculture
300 _a6 p.
440 _aAphidae; 27
_9174030
500 _aEncuadernado con otros impresos similares
650 _a
_x Afididos
_x Colecciones de escritos
_x Hemipteros
_9174033
901 _aPA-C 595.752 A6
902 _aA
905 _a0000001925 a 0000000000 00
910 _a1925
942 _cPARA
942 _cPARA
_d1
999 _c207428
_d207428